|
|
|
|
| LEADER |
00797nab a2200205 i 4500 |
| 001 |
acta34411 |
| 005 |
20250703155122.0 |
| 008 |
161017s2014 hu o 000 spa d |
| 024 |
7 |
|
|a http://dx.doi.org/10.14232/belv.2014.2.11
|2 doi
|
| 040 |
|
|
|a SZTE Egyetemi Kiadványok Repozitórium
|b hun
|
| 041 |
|
|
|a spa
|
| 100 |
1 |
|
|a Molnár Gábor
|
| 245 |
1 |
0 |
|a P. Ferenc Deák S. J. - Misión en Chile
|h [elektronikus dokumentum] /
|c Molnár Gábor
|
| 260 |
|
|
|a Belvedere Meridionale
|b Szeged
|c 2014
|
| 300 |
|
|
|a 123-127
|
| 490 |
0 |
|
|a Belvedere Meridionale
|v 26 No. 2
|
| 650 |
|
4 |
|a Bölcsészettudományok
|
| 650 |
|
4 |
|a Történettudomány és régészet
|
| 695 |
|
|
|a Deák Ferenc, Misszió - jezsuita - Chile - 20. sz.
|
| 856 |
4 |
0 |
|u http://acta.bibl.u-szeged.hu/34411/1/belvedere_2014_002_123-127.pdf
|z Dokumentum-elérés
|